[Event "Lindores Abbey Final 8"]
[Site "chess24.com INT"]
[Date "2020.05.28"]
[Round "2.12"]
[White "Ding, Liren"]
[Black "Dubov, Daniil"]
[Result "1-0"]
[WhiteTitle "GM"]
[BlackTitle "GM"]
[WhiteElo "2791"]
[BlackElo "2699"]
[WhiteFideId "8603677"]
[BlackFideId "24126055"]
[EventDate "2020.05.23"]

1. Nf3 d5 2. d4 Nf6 3. c4 c6 4. e3 g6 5. Nc3 Bg7 6. Be2 O-O 7. O-O dxc4 8. Bxc4
b5 9. Be2 Bb7 10. Bd2 Nbd7 11. Qc2 Rc8 12. b4 a5 13. a3 Qc7 14. Rfc1 axb4 15.
axb4 Qb8 16. Ne4 Nxe4 17. Qxe4 e5 18. Qh4 Rfe8 19. Bc3 exd4 20. Bxd4 Bxd4 21.
Nxd4 Qd6 22. Ra7 Rb8 23. Qg3 Ne5 24. Rc5 Qf6 25. h4 Nd7 26. Rc1 Nb6 27. Bf3 Nc4
28. h5 c5 29. bxc5 Bxf3 30. Qxf3 Qxf3 31. gxf3 Re5 32. c6 Rxh5 33. c7 Rc8 34.
Nc6 Kf8 35. Rb7 Kg7 36. Ne7 Nd6 37. Nxc8 Nxb7 38. Nb6 Nd6 39. Rc6 1-0

[Event "Lindores Abbey Final 8"]
[Site "chess24.com INT"]
[Date "2020.05.28"]
[Round "2.13"]
[White "Carlsen, Magnus"]
[Black "Nakamura, Hikaru"]
[Result "1-0"]
[WhiteTitle "GM"]
[BlackTitle "GM"]
[WhiteElo "2863"]
[BlackElo "2736"]
[WhiteFideId "1503014"]
[BlackFideId "2016192"]
[EventDate "2020.05.23"]

1. e4 g6 2. d4 d6 3. Nf3 Bg7 4. Be2 e6 5. O-O h6 6. c4 g5 7. Nc3 Ne7 8. h4 g4 9.
Ne1 h5 10. Bg5 f6 11. Be3 O-O 12. d5 f5 13. Bg5 Qe8 14. c5 fxe4 15. cxd6 cxd6
16. dxe6 Bxe6 17. Nxe4 Nf5 18. Nd3 Nc6 19. Nf4 Ncd4 20. Bd3 Be5 21. Re1 Qf7 22.
Nxd6 Bxd6 23. Bxf5 Nxf5 24. Nxe6 Rfe8 25. Qb3 g3 26. fxg3 Nxg3 27. Re3 Rac8 28.
Rae1 Rc6 29. Rf3 Qg6 30. Nc7+ 1-0

[Event "Lindores Abbey Final 8"]
[Site "chess24.com INT"]
[Date "2020.05.28"]
[Round "2.13"]
[White "Dubov, Daniil"]
[Black "Ding, Liren"]
[Result "1/2-1/2"]
[WhiteTitle "GM"]
[BlackTitle "GM"]
[WhiteElo "2699"]
[BlackElo "2791"]
[WhiteFideId "24126055"]
[BlackFideId "8603677"]
[EventDate "2020.05.23"]

1. e4 e5 2. Nc3 Nf6 3. Bc4 Bc5 4. d3 c6 5. Nf3 d6 6. a3 Nbd7 7. Ba2 Bb6 8. Be3
O-O 9. h3 Nc5 10. O-O h6 11. Re1 Re8 12. Qd2 Be6 13. Rad1 Bxa2 14. Nxa2 Ne6 15.
Nc3 Bxe3 16. Qxe3 Qb6 17. Qxb6 axb6 18. d4 Nxd4 19. Nxd4 exd4 20. Rxd4 d5 21.
Kf1 c5 22. Rd3 d4 23. Nd5 Nxd5 24. exd5 Kf8 25. Rb3 Ra6 26. Rxe8+ Kxe8 27. Ke2
Kd7 28. Rg3 g6 29. Rf3 f5 30. g4 fxg4 31. hxg4 Kd6 32. Rf6+ Kxd5 33. Rxg6 b5 34.
Rxa6 bxa6 35. f4 a5 36. b3 c4 37. bxc4+ bxc4 38. a4 Ke4 39. g5 hxg5 40. fxg5 Kf5
41. Kf3 Kxg5 42. Ke4 d3 43. cxd3 cxd3 44. Kxd3 Kf6 45. Kc4 Ke7 46. Kb5 Kd7 47.
Kxa5 Kc7 48. Ka6 Kb8 49. Kb6 Ka8 50. a5 Kb8 51. a6 Ka8 52. a7 1/2-1/2

[Event "Lindores Abbey Final 8"]
[Site "chess24.com INT"]
[Date "2020.05.28"]
[Round "2.14"]
[White "Ding, Liren"]
[Black "Dubov, Daniil"]
[Result "0-1"]
[WhiteTitle "GM"]
[BlackTitle "GM"]
[WhiteElo "2791"]
[BlackElo "2699"]
[WhiteFideId "8603677"]
[BlackFideId "24126055"]
[EventDate "2020.05.23"]

1. d4 Nf6 2. c4 e6 3. Nf3 d5 4. g3 c5 5. Bg2 cxd4 6. O-O Bc5 7. Nxd4 Nc6 8. Nb3
Bb6 9. cxd5 exd5 10. Nc3 d4 11. Na4 O-O 12. Re1 Re8 13. Bg5 h6 14. Bxf6 Qxf6 15.
Rc1 d3 16. Nxb6 axb6 17. Qxd3 Rxa2 18. Nd2 Bf5 19. Be4 Bxe4 20. Nxe4 Qe6 21. Nc3
Rxb2 22. Rb1 Rxb1 23. Rxb1 Rd8 24. Qf3 Rd7 25. Kg2 Ne5 26. Qe4 f5 27. Qa4 Kh7
28. Qb5 Nc4 29. Rb4 Rc7 30. Qd5 Qc6 31. Qxc6 Rxc6 32. Nd5 Nd6 33. Ne7 Rc7 34.
Rxb6 Rxe7 35. Rxd6 Rxe2 36. Rb6 Re7 37. h4 Kg8 38. h5 Kf7 39. Kf3 Ke8 40. Kf4
Rf7 41. Ke5 Kd8 42. Rb1 Kc7 43. Rc1+ Kd7 44. Rd1+ Kc6 45. Rc1+ Kb5 46. Rb1+ Kc4
47. Rc1+ Kd3 48. Rb1 Kc4 49. Rc1+ Kd3 50. Rb1 Ke2 51. Ke6 Rf6+ 52. Ke5 b6 53. f4
Kf3 54. Rc1 b5 55. Rb1 Rb6 56. Kxf5 Kxg3 57. Rg1+ Kf2 58. Rxg7 b4 59. Rd7 b3 60.
Rd2+ Ke3 61. Rb2 Kd3 62. Ke5 Kc3 63. Rb1 Kc2 64. Rh1 b2 65. f5 b1=Q 66. Rxb1
Rxb1 67. f6 Rf1 68. Ke6 Kd3 69. f7 Ke4 70. Ke7 Ke5 71. Ke8 Ke6 72. f8=Q Rxf8+
73. Kxf8 Kf6 74. Ke8 Kg5 75. Kf7 Kxh5 76. Kf6 Kg4 0-1

[Event "Lindores Abbey Final 8"]
[Site "chess24.com INT"]
[Date "2020.05.29"]
[Round "2.21"]
[White "Nakamura, Hikaru"]
[Black "Carlsen, Magnus"]
[Result "1-0"]
[WhiteTitle "GM"]
[BlackTitle "GM"]
[WhiteElo "2736"]
[BlackElo "2863"]
[WhiteFideId "2016192"]
[BlackFideId "1503014"]
[EventDate "2020.05.23"]

1. e4 e5 2. Nf3 Nc6 3. Bb5 Nf6 4. d3 Bc5 5. Bxc6 dxc6 6. O-O Bg4 7. h3 Bh5 8. g4
Nxg4 9. hxg4 Bxg4 10. Be3 Be7 11. Kh1 f5 12. Rg1 h5 13. Nc3 f4 14. Bd2 g5 15.
Nb1 Bc5 16. Bc3 Bxf2 17. Nbd2 Qe7 18. Qf1 Bxg1 19. Qxg1 Bxf3+ 20. Nxf3 g4 21.
Nxe5 Rg8 22. Rf1 Qg5 23. Qd4 Qh4+ 24. Kg1 Qg3+ 25. Kh1 Qh3+ 26. Kg1 g3 27. Nf3
g2 28. Re1 Qxf3 29. Qe5+ Kd8 30. Qf6+ Ke8 31. Bb4 c5 32. Bxc5 Kd7 33. Qf7+ 1-0

[Event "Lindores Abbey Final 8"]
[Site "chess24.com INT"]
[Date "2020.05.29"]
[Round "2.21"]
[White "Ding, Liren"]
[Black "Dubov, Daniil"]
[Result "0-1"]
[WhiteTitle "GM"]
[BlackTitle "GM"]
[WhiteElo "2791"]
[BlackElo "2699"]
[WhiteFideId "8603677"]
[BlackFideId "24126055"]
[EventDate "2020.05.23"]

1. c4 Nf6 2. g3 c6 3. Bg2 d5 4. Nf3 dxc4 5. O-O Nbd7 6. Na3 Nb6 7. Qc2 Be6 8.
Ne5 h5 9. Naxc4 Nxc4 10. Nxc4 h4 11. Ne5 hxg3 12. hxg3 Qc8 13. Rd1 Bh3 14. Bf3
g6 15. b4 Bg7 16. Bb2 Kf8 17. a4 Nh7 18. b5 Ng5 19. bxc6 Bxe5 20. Bxe5 Nxf3+ 21.
exf3 Bg2 0-1

[Event "Lindores Abbey Final 8"]
[Site "chess24.com INT"]
[Date "2020.05.29"]
[Round "2.22"]
[White "Carlsen, Magnus"]
[Black "Nakamura, Hikaru"]
[Result "1/2-1/2"]
[WhiteTitle "GM"]
[BlackTitle "GM"]
[WhiteElo "2863"]
[BlackElo "2736"]
[WhiteFideId "1503014"]
[BlackFideId "2016192"]
[EventDate "2020.05.23"]

1. e4 e5 2. Nf3 Nc6 3. d4 exd4 4. Nxd4 Bc5 5. Nb3 Bb6 6. Nc3 Nf6 7. Bg5 O-O 8.
Qe2 Nd4 9. Qd2 Nxb3 10. axb3 Re8 11. O-O-O h6 12. h4 c6 13. Bxf6 Qxf6 14. f3 d5
15. Kb1 Be6 16. exd5 Bxd5 17. Nxd5 cxd5 18. Bb5 Red8 19. g4 Qxf3 20. g5 Qf2 21.
Qb4 Qc5 22. Qa4 h5 23. g6 fxg6 24. Bd3 Rd6 25. Rde1 Qc6 26. Qf4 Rf8 27. Qe5 Rdf6
28. Qg5 Bf2 29. Re5 d4 30. Be4 Qd6 31. Rd5 Qe6 32. Rxd4 Kh8 33. Rc4 Bb6 34. Bd3
Qe3 35. Qg2 Bd4 36. Qxb7 Qe5 37. c3 Bb6 38. Qg2 Qd6 39. Bc2 Qe6 40. Rd1 Bf2 41.
Re4 Qf7 42. Qg5 Rf5 43. Qd2 Bb6 44. Re2 Rf4 45. Qd6 Rf6 46. Qg3 Qc7 47. Qg5 Qf4
48. Qxf4 Rxf4 49. Bxg6 Rxh4 50. Rdd2 Rh1+ 51. Ka2 Rg1 52. Bxh5 g6 53. Bxg6 Rxg6
54. Rh2+ Kg7 55. Rhg2 Rd8 56. Rxg6+ Kxg6 57. Re2 Rf8 58. b4 Rf2 59. Rxf2 Bxf2
60. Kb3 Kf5 61. Kc4 Ke6 62. Kb5 Kd7 63. Ka6 Kc7 64. b5 Be3 65. b4 Bd2 66. Kxa7
Bxc3 67. b6+ Kc6 68. b7 Be5 69. b8=Q Bxb8+ 70. Kxb8 Kb5 71. Kb7 Kxb4 1/2-1/2

[Event "Lindores Abbey Final 8"]
[Site "chess24.com INT"]
[Date "2020.05.29"]
[Round "2.22"]
[White "Dubov, Daniil"]
[Black "Ding, Liren"]
[Result "1-0"]
[WhiteTitle "GM"]
[BlackTitle "GM"]
[WhiteElo "2699"]
[BlackElo "2791"]
[WhiteFideId "24126055"]
[BlackFideId "8603677"]
[EventDate "2020.05.23"]

1. d4 Nf6 2. c4 e6 3. Nf3 d5 4. g3 Bb4+ 5. Bd2 Be7 6. Bg2 O-O 7. Qc2 c6 8. h4
Nbd7 9. Nc3 dxc4 10. Rd1 b5 11. Ne5 Nxe5 12. dxe5 Nd5 13. Ne4 f5 14. exf6 gxf6
15. b3 cxb3 16. axb3 Qb6 17. O-O a5 18. Rc1 Bd7 19. Bh6 Rfc8 20. Rfd1 a4 21.
bxa4 Rxa4 22. Qb2 Rb4 23. Qa1 Qd8 24. Rc2 Qe8 25. Nc5 Qg6 26. Qc1 Bxc5 27. Rxc5
Kf7 28. h5 Qxh5 29. e4 Rc4 30. Rxc4 bxc4 31. Be3 Nxe3 32. Rxd7+ Ke8 33. Qd2 Rb8
34. fxe3 c3 35. Qd6 Rb1+ 36. Bf1 Rxf1+ 37. Kxf1 Qf3+ 38. Ke1 Qxe3+ 39. Kd1 Qf3+
40. Kc2 Qxe4+ 41. Qd3 Qa4+ 42. Kxc3 Qa3+ 43. Kd2 Qa5+ 44. Kd1 Qh5+ 45. Ke1 Qe5+
46. Kf1 Qa1+ 47. Kg2 1-0

[Event "Lindores Abbey Final 8"]
[Site "chess24.com INT"]
[Date "2020.05.29"]
[Round "2.23"]
[White "Nakamura, Hikaru"]
[Black "Carlsen, Magnus"]
[Result "1/2-1/2"]
[WhiteTitle "GM"]
[BlackTitle "GM"]
[WhiteElo "2736"]
[BlackElo "2863"]
[WhiteFideId "2016192"]
[BlackFideId "1503014"]
[EventDate "2020.05.23"]

1. e4 e5 2. Nf3 Nc6 3. Bb5 Nf6 4. O-O Nxe4 5. d4 Nd6 6. dxe5 Nxb5 7. a4 Nbd4 8.
Nxd4 d5 9. exd6 Bxd6 10. Re1+ Be7 11. Nxc6 Qxd1 12. Rxd1 bxc6 13. Bf4 Bf5 14.
Na3 Rd8 15. Bxc7 Rd7 16. Bf4 Rxd1+ 17. Rxd1 Bxa3 18. bxa3 Bxc2 19. Rd4 O-O 20.
Rc4 Re8 21. f3 Bd3 22. Rxc6 f6 23. Rc3 Rd8 24. Rb3 a6 25. Rb8 Rxb8 26. Bxb8 Bc2
27. a5 Bd3 28. Bc7 Bc4 29. Bb6 Bd3 30. Ba7 Bc4 31. Bb6 Bd3 32. Ba7 Bc4 33. Bb6 1/2-1/2

[Event "Lindores Abbey Final 8"]
[Site "chess24.com INT"]
[Date "2020.05.29"]
[Round "2.23"]
[White "Ding, Liren"]
[Black "Dubov, Daniil"]
[Result "1/2-1/2"]
[WhiteTitle "GM"]
[BlackTitle "GM"]
[WhiteElo "2791"]
[BlackElo "2699"]
[WhiteFideId "8603677"]
[BlackFideId "24126055"]
[EventDate "2020.05.23"]

1. c4 Nf6 2. Nf3 e6 3. g3 d5 4. Bg2 Be7 5. O-O O-O 6. d4 c6 7. Qc2 b6 8. Rd1 Bb7
9. Nc3 Nbd7 10. b3 Rc8 11. Bb2 Re8 12. e4 Nxe4 13. Nxe4 dxe4 14. Qxe4 Qc7 15.
Qc2 Rcd8 16. Rac1 c5 17. d5 exd5 18. cxd5 Bf6 19. Nd4 Bxd4 20. Rxd4 Qd6 21. Rd2
Re7 22. h3 Rde8 23. Kh2 a5 24. Qc3 f6 25. a3 Re2 26. Qd3 Rxd2 27. Qxd2 Nf8 28.
Re1 Rxe1 29. Qxe1 Qd7 30. Qe4 Ng6 31. Qc4 Kh8 32. h4 Ne7 33. Qf4 Bxd5 34. Bh3
Be6 35. Bxf6 Bxh3 36. Bxe7 Be6 37. Qf8+ Bg8 38. Bd8 Qe6 39. Qf3 Qxb3 40. Qxb3
Bxb3 41. Bxb6 a4 42. Bxc5 h5 43. f3 g6 44. g4 hxg4 45. fxg4 Kh7 46. Kg3 Bd1 47.
Kf4 Bb3 48. Kg5 Bd1 49. Kf4 Bb3 50. Kg5 Bd1 51. Kf4 1/2-1/2

[Event "Lindores Abbey Final 8"]
[Site "chess24.com INT"]
[Date "2020.05.29"]
[Round "2.24"]
[White "Carlsen, Magnus"]
[Black "Nakamura, Hikaru"]
[Result "1/2-1/2"]
[WhiteTitle "GM"]
[BlackTitle "GM"]
[WhiteElo "2863"]
[BlackElo "2736"]
[WhiteFideId "1503014"]
[BlackFideId "2016192"]
[EventDate "2020.05.23"]

1. e4 e5 2. Nf3 Nc6 3. Bc4 Bc5 4. c3 Nf6 5. d3 d6 6. O-O h6 7. Re1 O-O 8. Nbd2
a5 9. Nf1 Be6 10. Bb5 Ne7 11. d4 exd4 12. cxd4 Bb6 13. Ng3 d5 14. e5 Ne4 15. Be3
Nf5 16. Nxf5 Bxf5 17. Nd2 Nxd2 18. Qxd2 a4 19. b4 axb3 20. axb3 c6 21. Be2 Qe7
22. h3 Ra3 23. b4 Rfa8 24. Rxa3 Rxa3 25. Rc1 Rb3 26. b5 Qb4 27. Qd1 Rb1 28. Rxb1
Qxb1 29. Qxb1 Bxb1 30. bxc6 bxc6 31. Bd1 Bd3 32. f4 f6 33. Kf2 Kf7 34. Ba4 fxe5
35. fxe5 Bb5 36. Bc2 Ba5 37. g4 Bc3 38. Bf5 c5 39. e6+ Kf6 40. dxc5 g6 41. Bc2
g5 42. Bf5 d4 43. Bc1 Bb4 1/2-1/2

[Event "Lindores Abbey Final 8"]
[Site "chess24.com INT"]
[Date "2020.05.30"]
[Round "2.31"]
[White "Carlsen, Magnus"]
[Black "Nakamura, Hikaru"]
[Result "1/2-1/2"]
[WhiteTitle "GM"]
[BlackTitle "GM"]
[WhiteElo "2863"]
[BlackElo "2736"]
[WhiteFideId "1503014"]
[BlackFideId "2016192"]
[EventDate "2020.05.23"]

1. e4 e5 2. Nf3 Nc6 3. Nc3 Nf6 4. d4 exd4 5. Nxd4 Bb4 6. Nxc6 bxc6 7. Bd3 O-O 8.
O-O d5 9. exd5 Bg4 10. f3 Bh5 11. dxc6 Qd4+ 12. Kh1 Bxc3 13. bxc3 Qxc3 14. Bf4
Qxc6 15. h3 Bg6 16. Re1 Rad8 17. Qe2 Nd5 18. Bg3 Nb4 19. Be4 Qc3 20. Rad1 Rde8
21. Qd2 Qxd2 22. Rxd2 Bxe4 23. fxe4 Nxa2 24. Re3 Rd8 25. Rxd8 Rxd8 26. Ra3 Nb4
27. c3 Nc6 28. Ra6 Rd3 29. Rxc6 Rxg3 30. Rxc7 h5 31. Kh2 Re3 32. Rxa7 Rxc3 33.
Ra5 g6 34. Ra8+ Kg7 35. h4 Re3 36. Ra4 Kf6 37. g3 Ke5 38. Ra7 Kf6 39. Ra6+ Ke5
40. Ra7 Kf6 41. Ra6+ Ke5 42. Ra7 1/2-1/2

[Event "Lindores Abbey Final 8"]
[Site "chess24.com INT"]
[Date "2020.05.30"]
[Round "2.34"]
[White "Nakamura, Hikaru"]
[Black "Carlsen, Magnus"]
[Result "1/2-1/2"]
[WhiteTitle "GM"]
[BlackTitle "GM"]
[WhiteElo "2736"]
[BlackElo "2863"]
[WhiteFideId "2016192"]
[BlackFideId "1503014"]
[EventDate "2020.05.23"]

1. e4 e5 2. Nf3 Nc6 3. Bb5 a6 4. Ba4 Nf6 5. O-O Be7 6. Re1 b5 7. Bb3 O-O 8. h3
Bb7 9. d3 d6 10. a3 Nb8 11. Nbd2 Nbd7 12. Nf1 Re8 13. Ng5 d5 14. exd5 Bxd5 15.
Bxd5 Nxd5 16. Qh5 Bxg5 17. Bxg5 f6 18. Bd2 Qe7 19. Ng3 Qf7 20. Qf3 Nf8 21. Nf5
Ne7 22. Nxe7+ Qxe7 23. a4 Rab8 24. axb5 axb5 25. Ra6 Qd7 26. Rea1 Ne6 27. Be3
Rbd8 28. Qc6 Qxc6 29. Rxc6 Kf7 30. Ra5 Rb8 31. Raa6 Rb7 32. g3 Nd8 33. Rc5 Ne6
34. Rcc6 Nd8 35. Rc5 Ne6 36. Rcc6 1/2-1/2

[Event "Lindores Abbey Final 8"]
[Site "chess24.com INT"]
[Date "2020.05.30"]
[Round "2.35"]
[White "Carlsen, Magnus"]
[Black "Nakamura, Hikaru"]
[Result "0-1"]
[WhiteTitle "GM"]
[BlackTitle "GM"]
[WhiteElo "2863"]
[BlackElo "2736"]
[WhiteFideId "1503014"]
[BlackFideId "2016192"]
[EventDate "2020.05.23"]

1. d4 Nf6 2. c4 e6 3. Nf3 d5 4. Nc3 Be7 5. Bf4 O-O 6. e3 Nbd7 7. Be2 dxc4 8. O-O
a6 9. a4 Nd5 10. Bg3 c5 11. Bxc4 cxd4 12. exd4 N7b6 13. Bb3 a5 14. Ne5 Bd7 15.
Ne4 Bc6 16. Nxc6 bxc6 17. Rc1 Nb4 18. Qe2 N6d5 19. Rfd1 Re8 20. Qf3 Ra7 21. Be5
Bf8 22. Qg3 f6 23. Bd6 Bxd6 24. Nxd6 Rf8 25. Ne4 Qb8 26. Qf3 Re8 27. g3 Kh8 28.
Nc5 Rae7 29. Bc4 e5 30. dxe5 Qxe5 31. Rd2 Qg5 32. Nb3 Nb6 33. h4 Qe5 34. Re2 Qc7
35. Rxe7 Qxe7 36. Nxa5 Qe5 37. Nb3 Nxa4 38. Bf7 Rf8 39. Rc4 Rxf7 40. Rxb4 Qe1+
41. Kh2 Qxb4 42. Qxc6 Rf8 0-1

[Event "Lindores Abbey Final 8"]
[Site "chess24.com INT"]
[Date "2020.06.01"]
[Round "3.11"]
[White "Dubov, Daniil"]
[Black "Nakamura, Hikaru"]
[Result "0-1"]
[WhiteTitle "GM"]
[BlackTitle "GM"]
[WhiteElo "2699"]
[BlackElo "2736"]
[WhiteFideId "24126055"]
[BlackFideId "2016192"]
[EventDate "2020.05.23"]

1. d4 Nf6 2. c4 e6 3. Nf3 d5 4. Nc3 Be7 5. Bg5 h6 6. Bh4 O-O 7. Qc2 c5 8. dxc5
dxc4 9. e3 Na6 10. Bxc4 Nxc5 11. O-O a6 12. Rfd1 Qe8 13. Be2 b6 14. b4 Ncd7 15.
Nd4 Bb7 16. Qb2 Rc8 17. b5 a5 18. Na4 Nd5 19. Bxe7 Qxe7 20. Bf3 Nc5 21. Nxc5
Rxc5 22. Nc6 Bxc6 23. bxc6 Qc7 24. Rac1 Qxc6 25. Rxc5 Qxc5 26. Bxd5 exd5 27. Rc1
Qd6 28. g3 Rd8 29. Qb5 d4 30. exd4 Qxd4 31. Rc6 Qe4 32. Rc1 Qf3 33. Qb1 g6 34.
h4 Rd6 35. Qa1 Kh7 36. Qb1 h5 37. Re1 a4 38. Qb4 Rd1 39. Rxd1 Qxd1+ 40. Kh2 Qc2
41. Qxb6 Qxa2 42. Qf6 Qe6 43. Qc3 Qb3 44. Qf6 a3 45. g4 Qe6 46. Qf3 a2 0-1

[Event "Lindores Abbey Final 8"]
[Site "chess24.com INT"]
[Date "2020.06.01"]
[Round "3.12"]
[White "Nakamura, Hikaru"]
[Black "Dubov, Daniil"]
[Result "1-0"]
[WhiteTitle "GM"]
[BlackTitle "GM"]
[WhiteElo "2736"]
[BlackElo "2699"]
[WhiteFideId "2016192"]
[BlackFideId "24126055"]
[EventDate "2020.05.23"]

1. e4 e5 2. Nf3 d6 3. d4 exd4 4. Nxd4 Nf6 5. Nc3 Be7 6. Bc4 O-O 7. O-O c6 8. Re1
a5 9. a4 Na6 10. Bf4 Nc5 11. Nb3 Ne6 12. Bg3 g6 13. e5 dxe5 14. Bxe5 Qxd1 15.
Raxd1 Rd8 16. Nd4 Ne8 17. Nxe6 Bxe6 18. Bxe6 fxe6 19. Ne2 Bf6 20. Bxf6 Rxd1 21.
Rxd1 Nxf6 22. f3 Kf7 23. Nf4 e5 24. Nd3 Re8 25. Re1 e4 26. Nc5 b5 27. Nxe4 Nxe4
28. Rxe4 Rd8 29. axb5 cxb5 30. Kf2 Rd2+ 31. Re2 Rd1 32. Ke3 Ke6 33. c3 Rh1 34.
g3 Kd5 35. f4 h5 36. Kd3 a4 37. Rf2 Rd1+ 38. Kc2 Rg1 39. f5 gxf5 40. Rxf5+ Kc4
41. Rf4+ Kc5 42. Rh4 Kd5 43. Rxh5+ Kc4 44. Rh4+ Kc5 45. Rd4 Rg2+ 46. Rd2 Rg1 47.
h4 Rxg3 48. Rh2 b4 49. cxb4+ Kxb4 50. h5 a3 51. Rh4+ Kc5 52. b4+ Kb5 53. h6 Rg2+
54. Kb1 Ka4 55. h7 Rg1+ 56. Kc2 Rg2+ 57. Kd3 1-0

[Event "Lindores Abbey Final 8"]
[Site "chess24.com INT"]
[Date "2020.06.01"]
[Round "3.13"]
[White "Dubov, Daniil"]
[Black "Nakamura, Hikaru"]
[Result "1-0"]
[WhiteTitle "GM"]
[BlackTitle "GM"]
[WhiteElo "2699"]
[BlackElo "2736"]
[WhiteFideId "24126055"]
[BlackFideId "2016192"]
[EventDate "2020.05.23"]

1. c4 e5 2. Nc3 Nf6 3. Nf3 Nc6 4. g3 d5 5. cxd5 Nxd5 6. Bg2 Nb6 7. O-O Be7 8. a3
O-O 9. b4 Be6 10. Rb1 f6 11. b5 Nd4 12. e3 Nxf3+ 13. Bxf3 Rb8 14. d4 exd4 15.
exd4 Qd7 16. Re1 Rfe8 17. a4 Bf7 18. a5 Nd5 19. Nxd5 Bxd5 20. Bf4 Rbc8 21. Bg4
f5 22. Bh5 Red8 23. Bf3 Bf8 24. Be5 b6 25. axb6 cxb6 26. Bxd5+ Qxd5 27. Qa4 Rd7
28. Rbc1 Rcd8 29. Rc6 f4 30. gxf4 Bd6 31. Qc4 Qxc4 32. Rxc4 Bxe5 33. dxe5 Rd4
34. Rec1 h5 35. Kg2 Kh7 36. Rxd4 Rxd4 37. Kf3 Rd5 38. e6 Kg6 39. Re1 Rd8 40. e7
Re8 41. Re5 Kf6 42. Ke4 Rxe7 43. Rxe7 Kxe7 44. Kf5 1-0

[Event "Lindores Abbey Final 8"]
[Site "chess24.com INT"]
[Date "2020.06.01"]
[Round "3.14"]
[White "Nakamura, Hikaru"]
[Black "Dubov, Daniil"]
[Result "1/2-1/2"]
[WhiteTitle "GM"]
[BlackTitle "GM"]
[WhiteElo "2736"]
[BlackElo "2699"]
[WhiteFideId "2016192"]
[BlackFideId "24126055"]
[EventDate "2020.05.23"]

1. e4 c5 2. Nf3 d6 3. Bb5+ Bd7 4. Bxd7+ Nxd7 5. O-O Ngf6 6. Re1 e6 7. c3 Be7 8.
d4 O-O 9. e5 Ne8 10. exd6 Bxd6 11. Nbd2 Nef6 12. Qe2 Qc7 13. Nc4 Be7 14. Bg5
cxd4 15. Nxd4 Rac8 16. Ne3 Rfe8 17. Rad1 a6 18. Bh4 b5 19. a3 Qb7 20. Nf3 h6 21.
Bg3 Ne4 22. Nf1 Nxg3 23. Nxg3 Nb6 24. Ne5 Red8 25. Nh5 Rxd1 26. Qxd1 Nd5 27. Qg4
Bg5 28. h4 Bf6 29. Nd3 Qe7 30. Nb4 Nxb4 31. axb4 g6 32. Nxf6+ Qxf6 33. g3 Kg7
34. Rd1 Rc4 35. Qe2 g5 36. hxg5 hxg5 37. Kg2 g4 38. Qe3 Qf5 39. Rh1 Qe4+ 40.
Qxe4 Rxe4 41. Ra1 Re2 42. Rxa6 Rxb2 43. Rb6 Rc2 44. Rxb5 Rxc3 45. Rg5+ 1/2-1/2

[Event "Lindores Abbey Final 8"]
[Site "chess24.com INT"]
[Date "2020.06.02"]
[Round "3.21"]
[White "Nakamura, Hikaru"]
[Black "Dubov, Daniil"]
[Result "0-1"]
[WhiteTitle "GM"]
[BlackTitle "GM"]
[WhiteElo "2736"]
[BlackElo "2699"]
[WhiteFideId "2016192"]
[BlackFideId "24126055"]
[EventDate "2020.05.23"]

1. e4 c5 2. Nf3 Nc6 3. c3 Nf6 4. e5 Nd5 5. Bc4 Nb6 6. Bb3 c4 7. Bc2 d5 8. exd6
Qxd6 9. O-O Bg4 10. Qe2 O-O-O 11. Na3 Qe6 12. Qxe6+ Bxe6 13. b3 Bd5 14. bxc4
Nxc4 15. Nxc4 Bxc4 16. Re1 Bd3 17. Bxd3 Rxd3 18. Re3 Rd7 19. Ba3 e5 20. Bxf8
Rxf8 21. h4 f6 22. h5 Rfd8 23. Kf1 b6 24. g3 Kb7 25. Kg2 Ne7 26. Re4 Rd3 27. a4
Nc6 28. Re2 Na5 29. Ra2 Nc4 30. g4 R8d5 31. Nh4 Rxd2 32. Nf5 Rxa2 33. Rxa2 g6
34. hxg6 hxg6 35. Ne7 Rd7 36. Ng8 f5 37. gxf5 gxf5 38. Nh6 Rg7+ 39. Kf3 Rg5 40.
Nf7 Rh5 41. Kg3 Rh7 42. Ng5 Rd7 43. Kh4 Rd3 44. Kh5 Rxc3 45. Kh6 Kc6 46. Kg6 f4
47. Ne4 Ra3 48. Rc2 Rxa4 49. Kf5 b5 50. Rc1 Ra3 51. Rd1 b4 52. Rd8 Nb6 53. Kxe5
b3 54. Rd6+ Kb5 55. Rd1 Kb4 56. Kd4 Ra5 57. Nc3 0-1

[Event "Lindores Abbey Final 8"]
[Site "chess24.com INT"]
[Date "2020.06.02"]
[Round "3.22"]
[White "Dubov, Daniil"]
[Black "Nakamura, Hikaru"]
[Result "1/2-1/2"]
[WhiteTitle "GM"]
[BlackTitle "GM"]
[WhiteElo "2699"]
[BlackElo "2736"]
[WhiteFideId "24126055"]
[BlackFideId "2016192"]
[EventDate "2020.05.23"]

1. c4 e5 2. Nc3 Nf6 3. Nf3 Nc6 4. g3 d5 5. cxd5 Nxd5 6. Bg2 Nb6 7. O-O Be7 8. a3
O-O 9. b4 Be6 10. Rb1 f6 11. b5 Nd4 12. e3 Nxf3+ 13. Bxf3 Qc8 14. a4 a5 15. bxa6
Rxa6 16. d4 Rd8 17. Qc2 Bf5 18. Qb3+ Be6 19. Qc2 Bf5 20. Be4 Bxe4 21. Qxe4 exd4
22. exd4 Bf8 23. Bf4 c6 24. Qc2 Nd5 25. Nxd5 Rxd5 26. Qb3 Qa8 27. Rfc1 Rxa4 28.
Qxb7 Qxb7 29. Rxb7 Raxd4 30. Rxc6 Rd7 31. Rxd7 Rxd7 32. Kg2 Kf7 33. h4 h5 34.
Ra6 Be7 35. Rc6 Bf8 36. Ra6 Be7 37. Rc6 Bf8 1/2-1/2

[Event "Lindores Abbey Final 8"]
[Site "chess24.com INT"]
[Date "2020.06.02"]
[Round "3.23"]
[White "Nakamura, Hikaru"]
[Black "Dubov, Daniil"]
[Result "1/2-1/2"]
[WhiteTitle "GM"]
[BlackTitle "GM"]
[WhiteElo "2736"]
[BlackElo "2699"]
[WhiteFideId "2016192"]
[BlackFideId "24126055"]
[EventDate "2020.05.23"]

1. e4 c5 2. Nf3 Nc6 3. Nc3 g6 4. d4 cxd4 5. Nxd4 Bg7 6. Be3 Nf6 7. Bc4 O-O 8.
Bb3 Re8 9. h3 d6 10. Qd2 Bd7 11. O-O Na5 12. Bh6 Rc8 13. Bxg7 Kxg7 14. Rad1 Qb6
15. Nd5 Nxd5 16. exd5 Qc5 17. Rfe1 Nxb3 18. Nxb3 Qxc2 19. Qd4+ Kg8 20. Qxa7 Qxb2
21. Qxb7 Qxa2 22. Ra1 Qc2 23. Qxd7 Qxb3 24. Rxe7 Red8 25. Qb7 Qxb7 26. Rxb7 Rc5
27. Raa7 Rf8 28. Rd7 Rxd5 29. Ra6 h5 30. Raxd6 Rxd6 31. Rxd6 Kg7 32. h4 Re8 33.
g3 Re1+ 34. Kg2 Re8 35. Rd1 Re7 36. Rd8 Re6 37. Rd1 Re8 38. Rd7 Re6 39. Rd8 Re7
40. Rd1 Re6 41. Rf1 Rc6 42. Rg1 Rc4 43. Rf1 Rc6 44. Rg1 Rc4 45. Rf1 Rc6 1/2-1/2